AJ 100 survey (Record no. 75254)
[ view plain ]
| 000 -LEADER | |
|---|---|
| fixed length control field | 00807cab a2200181 4500 |
| 001 - CONTROL NUMBER | |
| control field | L129759 |
| 008 - FIXED-LENGTH DATA ELEMENTS--GENERAL INFORMATION | |
| fixed length control field | 050518n2005 000 0 eng u |
| 035 ## - SYSTEM CONTROL NUMBER | |
| System control number | (Sirsi) u129759 |
| 041 ## - LANGUAGE CODE | |
| Language code of text/sound track or separate title | eng |
| 100 ## - MAIN ENTRY--PERSONAL NAME | |
| Personal name | Dorrell, Ed |
| 245 ## - TITLE STATEMENT | |
| Title | AJ 100 survey |
| 260 ## - PUBLICATION, DISTRIBUTION, ETC. | |
| Date of publication, distribution, etc. | 2005 |
| 490 ## - SERIES STATEMENT | |
| Series statement | Architects' Journal |
| Volume/sequential designation | 221(18) 12 May 2005, 39-98(39) |
| 520 ## - SUMMARY, ETC. | |
| Summary, etc. | Gives listings and details of the top 100 firms in terms of the number of qualified UK architects. Includes fee income, salaries and pensions and education. Notes that BDP for the fifth year running is still on top of the list for the number of qualified architects as it has a very evenly balanced workload and spreads its expertise in every sector. |
| 590 ## - LOCAL NOTE (RLIN) | |
| Local note | IKA190505 |
| 690 ## - LOCAL SUBJECT ADDED ENTRY--TOPICAL TERM (OCLC, RLIN) | |
| Topical term or geographic name as entry element | MANAGEMENT-BUSINESS MANAGEMENT-PROFESSIONAL PRACTICE |
| 942 ## - ADDED ENTRY ELEMENTS (KOHA) | |
| Suppress in OPAC | 0 |
| Withdrawn status | Lost status | Source of classification or shelving scheme | Damaged status | Not for loan | Home library | Current library | Shelving location | Date acquired | Total Checkouts | Full call number | Barcode | Date last seen | Copy number | Price effective from | Koha item type |
|---|---|---|---|---|---|---|---|---|---|---|---|---|---|---|---|
| Dewey Decimal Classification | London | London | Journal article | 18/05/2005 | L129759 | 129759-1001 | 06/08/2019 | 1 | 06/08/2019 | Journal article |